000 00733nam a22002297a 4500
003 UA-OsUOA
001 60338
007 ta
008 20090515b un ||||| |||| 00| 0 ukr d
090 _a502(031)
_bТ12
942 _cBK
040 _aUA-OsUOA
_bukr
_cUA-OsUOA
_dUA-OsUOA
245 _aТаємниці природи
_bДитяча енциклопедія
_cАвтор-упорядник ЛеоновичО.А.
300 _a416 с.
955 _a4
041 _aukr
080 _a502(031)
020 _a966-661-209-7
260 _aК.
_bШкола
_c2003
650 7 _a502 Природа. Дослідження природи та її збереження. Захист живої природи
_2UDC
999 _c346241
_d346241